| LEADER |
00819nam0a2200181 450 |
| 001 |
16847976 |
| 010 |
|
|
|a 978-2-37073-429-7
|b br.
|d 18,9
|
| 100 |
|
|
|a 20220222d2022 u u0frey01 ba
|
| 101 |
0 |
|
|a fre
|
| 102 |
|
|
|a FR
|
| 200 |
0 |
|
|a Apprendre à faire l'amour
|f Alexandre Lacroix
|
| 207 |
|
1 |
|a
|
| 215 |
|
|
|a 1 vol. (221 p.)
|d 20 x 14 cm
|
| 330 |
|
|
|a En croisant sa propre expérience avec des textes de grands penseurs, l'auteur souhaite réactualiser la philosophie de l'acte amoureux au XXIe siècle en se penchant tour à tour sur les préliminaires, le rythme, l'habitude ou les changements de position. Electre 2022
|
| 700 |
|
0 |
|a Lacroix
|b Alexandre
|4 70
|
| 900 |
|
|
|a Documentaire
|
| 901 |
|
|
|a Accessible au prêt
|
| 995 |
|
|
|a Bibliothèque
|c Bibliothèque
|f 00156012860367
|h 00156012860367
|k 306.7 LAC
|o p
|q a
|r az
|e Bibliothèque
|